Experiences with economic reform : a review of Bangladesh's development, 1995 /

Contributed articles.

Bibliographic Details
Corporate Author: Centre for Policy Dialogue (Bangladesh)
Format: Book
Language:English
Published: Dhaka : Centre for Policy Dialogue ; University Press Ltd., 1995.
Subjects:
Classic Catalogue: View this record in Classic Catalogue
LEADER 03074nam a2200421 a 4500
001 12508
003 BD-DhAAL
005 20240219102615.0
008 091110s1995 bg a b 000 0 eng d
010 |a \\\95911295  
020 |a 9840513087 
020 |a 9840513192 
040 |a DLC  |c DLC  |d BD-DhAAL 
082 0 0 |a 338.95492  |2 20 
245 0 0 |a Experiences with economic reform :  |b a review of Bangladesh's development, 1995 /  |c Centre for Policy Dialogue (Bangladesh) 
260 |a Dhaka :  |b Centre for Policy Dialogue ;  |b University Press Ltd.,  |c 1995. 
300 |a xxvii, 470 pages :  |b illustrations ;  |c 25 cm. 
504 |a Includes bibliographical references. 
520 |a Contributed articles. 
526 |a ESS, BIED 
541 1 |a Complimentary copy from BIED (35866); Complimentary copy from Professor Dr. Nasreen Khundker (36659); Donated By Akbar Ali Khan (38674) Donated By Rebecca Dipa Khan(42298)  |e 12508, 35866, 36659, 38674, 42298 
650 |a Economics.  |9 48759 
651 0 |a Bangladesh  |x Economic policy.  |9 37357 
651 0 |a Bangladesh  |x Economic conditions.  |9 37358 
710 2 |a Centre for Policy Dialogue (Bangladesh)  |9 37359 
852 4 |a Ayesha Abed Library  |c General Stacks 
942 |2 ddc  |c BK 
999 |c 5324  |d 5324 
952 |0 0  |1 0  |2 ddc  |4 0  |6 338_954920000000000_EXP  |7 0  |9 5185  |a BRACUL  |b BRACUL  |c GEN  |d 2009-11-10  |g 0.00  |l 0  |o 338.95492 EXP  |p 3010012508  |r 2009-11-10  |t 1  |w 2009-11-10  |y BK  |x No price found in the accession register. 
952 |0 0  |1 0  |2 ddc  |4 0  |6 338_954920000000000_EXP_1995  |7 0  |9 5186  |a BRACUL  |b BRACUL  |c GEN  |d 2009-11-10  |g 375.00  |l 0  |o 338.95492 EXP  |p 3010008280  |r 2009-11-10  |t 2  |v 750.00  |w 2009-11-10  |y BK 
952 |0 0  |1 0  |2 ddc  |4 0  |6 338_954920000000000_EXP  |7 0  |9 43039  |a SCL  |b SCL  |c GEN  |d 1998-11-10  |l 0  |o 338.95492 EXP  |p 3020000432  |r 2014-07-09  |t 3  |w 2014-07-09  |y BK 
952 |0 0  |1 0  |2 ddc  |4 0  |6 338_954920000000000_EXP  |7 0  |9 43062  |a SCL  |b SCL  |c GEN  |d 1998-11-14  |l 1  |o 338.95492 EXP  |p 3020000616  |r 2024-04-28  |s 2024-04-27  |t 4  |w 2014-07-09  |y BK 
952 |0 0  |1 0  |2 ddc  |4 0  |6 338_954920000000000_EXP  |7 0  |9 52560  |a SCL  |b SCL  |c GEN  |d 2015-02-11  |g 375.00  |l 0  |o 338.95492 EXP  |p 3020005171  |r 2015-02-11  |t 5  |w 2015-02-11  |y BK 
952 |0 0  |1 0  |2 ddc  |4 0  |6 338_954920000000000_EXP  |7 0  |9 52561  |a SCL  |b SCL  |c GEN  |d 2015-02-11  |g 375.00  |l 0  |o 338.95492 EXP  |p 3020005170  |r 2015-02-11  |t 6  |w 2015-02-11  |y BK 
952 |0 0  |1 0  |2 ddc  |4 0  |6 338_954920000000000_EXP  |7 0  |9 67197  |a BRACUL  |b BRACUL  |c GEN  |d 2019-11-19  |e Complimentary copy from Professor Dr. Nasreen Khundker.  |l 0  |o 338.95492 EXP  |p 3010036659  |r 2019-11-19  |t 7  |w 2019-11-19  |y BK 
952 |0 0  |1 0  |2 ddc  |4 0  |6 338_954920000000000_EXP  |7 0  |9 67525  |a BRACUL  |b BRACUL  |c GEN  |d 2019-12-23  |e Complimentary copy from BIED  |l 0  |o 338.95492 EXP  |p 3010035866  |r 2019-12-23  |t 8  |w 2019-12-23  |y BK  |x Transferred from BIED to General Stacks 
952 |0 0  |1 0  |2 ddc  |4 0  |6 338_954920000000000_EXP  |7 1  |9 70722  |a BRACUL  |b BRACUL  |c AAKC  |d 2022-05-26  |e Donated by Akbar Ali Khan  |l 0  |o 338.95492 EXP  |p 3010038674  |r 2022-05-26  |t 9  |w 2022-05-26  |y BK 
952 |0 0  |1 0  |2 ddc  |4 0  |6 338_954920000000000_EXP  |7 0  |9 75162  |a BRACUL  |b BRACUL  |c GEN  |d 2024-02-19  |e Donated By Rebecca Dipa Khan  |g 595.00  |l 0  |o 338.95492 EXP  |p 3010042298  |r 2024-02-19  |t 10  |w 2024-02-19  |y BK